00810cam a22002291 4500001001300000003000400013005001700017008004100034010001700075035001900092040003200111042001200143050002100155110004800176245018500224250003000409260002300439300003200462504003000494650002600524650003000550pa 57000018 DLC20260227111854.0820825s1957 dcu 000 0 spa c apa 57000018  a(OCoLC)8720037 aPan American UnioncOUdDLC apremarc00aLA542b.P32 19572 aPan American Union.bDivision of Education.10aEstado actual de la educación secundaria en la América Latina.c[Preparada por Pedro A. Cebollero, jefe, y Bernice Matlowsky, especialista, Sección de Educación Secundaria] a2. ed., rev. y aumentada. aWashington,c1957. aix, 206 p.btables.c28 cm. aBibliography: p. 196-206. 0aEducation, Secondary. 0aEducationzLatin America.